000 00644nam a2200229Ia 4500
003 OSt
005 20220926012349.0
006 a|||||r|||| 00| 0
007 ta
008 220923b |||||||| |||| 00| 0 eng d
037 _cGeneral Book
040 _aRTL
_cRTL
_beng
041 _2eng
_aeng
082 _aX61.1.N7, L6
100 _aNeale Walter C.
_9123927
245 0 _aMonies in societies
260 _aNew York
_bChandler and Sharp U. S. A.
_c1976
300 _avii, 109p.
_ccm.
650 _aEconomics-Money-International
_9232453
942 _hX61.1.N7, L6
_cGB
_2CC
999 _c622691
_d622691